[Event "9th Vellmar Chess Days"]
[Site "chess24.com"]
[Date "2017.07.14"]
[Round "2"]
[White "Koenig, Marco, Dr."]
[Black "Reitz, Theresa"]
[Result "1-0"]
[Board "20"]
[WhiteElo "2068"]
[WhiteCountry "GER"]
[WhiteFideId "24643076"]
[WhiteEloChange "2"]
[BlackElo "1706"]
[BlackCountry "GER"]
[BlackFideId "12971901"]
[BlackEloChange "-2"]

1. e4 {[%clk 1:30:54]} c5 {[%clk 1:30:57]} 2. Nf3 {[%clk 1:31:00]} e6 {[%clk
1:31:21]} 3. d4 {[%clk 1:31:23]} cxd4 {[%clk 1:31:46]} 4. Nxd4 {[%clk 1:31:47]}
a6 {[%clk 1:32:11]} 5. Bd3 {[%clk 1:31:58]} Nf6 {[%clk 1:32:27]} 6. O-O {[%clk
1:31:28]} e5 {[%clk 1:31:07]} 7. Nb3 {[%clk 1:28:39]} Nc6 {[%clk 1:27:53]} 8. Nc3
{[%clk 1:23:52]} d6 {[%clk 1:21:07]} 9. f4 {[%clk 1:18:57]} Be7 {[%clk 1:18:44]}
10. f5 {[%clk 1:14:01]} b5 {[%clk 1:14:24]} 11. Be3 {[%clk 1:06:49]} Bb7 {[%clk
1:09:44]} 12. Nd5 {[%clk 1:01:55]} Nxd5 {[%clk 1:03:15]} 13. exd5 {[%clk
1:02:16]} Nb8 {[%clk 1:02:48]} 14. Qg4 {[%clk 0:54:06]} Bf6 {[%clk 0:57:32]} 15.
Be4 {[%clk 0:48:19]} Nd7 {[%clk 0:56:58]} 16. Qf3 {[%clk 0:45:07]} Rc8 {[%clk
0:53:57]} 17. Rac1 {[%clk 0:41:36]} Nb6 {[%clk 0:48:01]} 18. Nd2 {[%clk 0:37:26]}
b4 {[%clk 0:21:15]} 19. c4 {[%clk 0:32:26]} bxc3 {[%clk 0:20:58]} 20. Rxc3 {[%clk
0:30:56]} Rxc3 {[%clk 0:19:27]} 21. bxc3 {[%clk 0:31:24]} Qc7 {[%clk 0:16:26]}
22. c4 {[%clk 0:28:47]} Na4 {[%clk 0:15:26]} 23. Rc1 {[%clk 0:20:51]} Nc5 {[%clk
0:13:17]} 24. Bb1 {[%clk 0:19:47]} O-O {[%clk 0:12:30]} 25. Nb3 {[%clk 0:19:32]}
Nxb3 {[%clk 0:11:04]} 26. axb3 {[%clk 0:20:00]} Qa5 {[%clk 0:09:16]} 27. g4
{[%clk 0:17:24]} Bd8 {[%clk 0:07:23]} 28. f6 {[%clk 0:16:38]} Bxf6 {[%clk
0:04:55]} 29. Qf5 {[%clk 0:16:33]} Rc8 {[%clk 0:04:33]} 30. g5 {[%clk 0:13:39]}
Bd8 {[%clk 0:04:02]} 31. Rf1 {[%clk 0:12:12]} Qc7 {[%clk 0:01:23]} 32. Qxh7+
{[%clk 0:12:26]} Kf8 {[%clk 0:01:46]} 33. Qh8+ {[%clk 0:12:45]} 1-0

[Event "9th Vellmar Chess Days"]
[Site "chess24.com"]
[Date "2017.07.14"]
[Round "2"]
[White "Garbe, Ralf"]
[Black "Gerhardt, Dirk"]
[Result "1/2-1/2"]
[Board "21"]
[WhiteElo "2213"]
[WhiteCountry "GER"]
[WhiteFideId "4651022"]
[WhiteEloChange "-7"]
[BlackElo "1878"]
[BlackCountry "GER"]
[BlackFideId "4665139"]
[BlackEloChange "7"]

1. Nf3 {[%clk 1:24:35]} d5 {[%clk 1:29:22]} 2. g3 {[%clk 1:24:58]} c6 {[%clk
1:27:24]} 3. Bg2 {[%clk 1:25:25]} Nf6 {[%clk 1:26:33]} 4. O-O {[%clk 1:25:49]} g6
{[%clk 1:23:14]} 5. b3 {[%clk 1:25:48]} Bg7 {[%clk 1:23:36]} 6. Bb2 {[%clk
1:26:16]} O-O {[%clk 1:20:28]} 7. d3 {[%clk 1:26:13]} c5 {[%clk 1:17:44]} 8. c4
{[%clk 1:16:02]} dxc4 {[%clk 1:15:44]} 9. bxc4 {[%clk 1:13:09]} Nc6 {[%clk
1:12:41]} 10. Nbd2 {[%clk 1:11:57]} Nd4 {[%clk 1:12:12]} 11. Nxd4 {[%clk
1:11:37]} cxd4 {[%clk 1:12:19]} 12. Rb1 {[%clk 1:05:15]} Rb8 {[%clk 1:07:48]} 13.
Ba3 {[%clk 0:53:52]} Re8 {[%clk 1:07:42]} 14. Qa4 {[%clk 0:38:21]} a6 {[%clk
1:01:13]} 15. Qc2 {[%clk 0:38:27]} Ng4 {[%clk 0:53:51]} 16. h3 {[%clk 0:37:23]}
Ne5 {[%clk 0:50:08]} 17. Rb2 {[%clk 0:37:07]} Qa5 {[%clk 0:46:48]} 18. Bb4 {[%clk
0:37:03]} Qc7 {[%clk 0:47:08]} 19. Rfb1 {[%clk 0:31:54]} b6 {[%clk 0:43:10]} 20.
c5 {[%clk 0:24:36]} b5 {[%clk 0:41:44]} 21. Nf3 {[%clk 0:22:36]} Nxf3+ {[%clk
0:37:43]} 22. exf3 {[%clk 0:23:05]} Bb7 {[%clk 0:37:40]} 23. Qd2 {[%clk 0:22:09]}
Bd5 {[%clk 0:37:08]} 24. f4 {[%clk 0:22:16]} Bxg2 {[%clk 0:34:06]} 25. Kxg2
{[%clk 0:22:16]} 1/2-1/2

[Event "9th Vellmar Chess Days"]
[Site "chess24.com"]
[Date "2017.07.14"]
[Round "2"]
[White "Koerbel, Ekkehard"]
[Black "Nilsson, Anders 1976"]
[Result "0-1"]
[Board "22"]
[WhiteElo "1838"]
[WhiteCountry "GER"]
[WhiteFideId "12976148"]
[WhiteEloChange "-2"]
[BlackElo "2192"]
[BlackTitle "CM"]
[BlackCountry "SWE"]
[BlackFideId "1705423"]
[BlackEloChange "2"]

1. e4 {[%clk 1:30:57]} e6 {[%clk 1:30:52]} 2. d3 {[%clk 1:31:23]} d5 {[%clk
1:30:42]} 3. Nd2 {[%clk 1:31:48]} Nf6 {[%clk 1:30:58]} 4. Ngf3 {[%clk 1:31:48]}
Nc6 {[%clk 1:31:16]} 5. g3 {[%clk 1:30:07]} dxe4 {[%clk 1:30:58]} 6. dxe4 {[%clk
1:30:00]} Bc5 {[%clk 1:31:22]} 7. Qe2 {[%clk 1:21:40]} Ng4 {[%clk 1:27:22]} 8.
Bg2 {[%clk 1:19:25]} Bxf2+ {[%clk 1:26:19]} 9. Kf1 {[%clk 1:19:25]} Bc5 {[%clk
1:20:28]} 10. Nb3 {[%clk 1:16:26]} Bb6 {[%clk 1:20:11]} 11. h3 {[%clk 1:03:52]}
Nge5 {[%clk 1:13:06]} 12. Bg5 {[%clk 1:00:12]} f6 {[%clk 1:12:45]} 13. Rd1 {[%clk
0:55:37]} Qe7 {[%clk 1:07:58]} 14. Be3 {[%clk 0:53:24]} O-O {[%clk 1:05:52]} 15.
Kg1 {[%clk 0:41:07]} Nxf3+ {[%clk 1:03:22]} 16. Bxf3 {[%clk 0:40:12]} Ne5 {[%clk
1:03:37]} 17. Bg2 {[%clk 0:39:59]} Bxe3+ {[%clk 1:02:03]} 18. Qxe3 {[%clk
0:40:22]} b6 {[%clk 1:02:12]} 19. Kh2 {[%clk 0:37:55]} Bb7 {[%clk 1:02:13]} 20.
Nd4 {[%clk 0:34:37]} c5 {[%clk 0:59:00]} 21. Ne2 {[%clk 0:32:44]} Rfd8 {[%clk
0:57:20]} 22. Nf4 {[%clk 0:28:40]} Rd7 {[%clk 0:55:37]} 23. Qb3 {[%clk 0:23:15]}
c4 {[%clk 0:54:34]} 24. Qa4 {[%clk 0:22:55]} Bc6 {[%clk 0:53:33]} 25. Rxd7 {[%clk
0:22:37]} Qxd7 {[%clk 0:49:47]} 26. Qb4 {[%clk 0:20:54]} Rd8 {[%clk 0:50:08]} 27.
Re1 {[%clk 0:14:57]} Qd2 {[%clk 0:48:37]} 28. Qxd2 {[%clk 0:15:19]} Rxd2 {[%clk
0:49:05]} 29. Re2 {[%clk 0:14:38]} Rd6 {[%clk 0:48:49]} 30. h4 {[%clk 0:12:32]}
Kf7 {[%clk 0:48:54]} 31. Kg1 {[%clk 0:10:58]} Rd1+ {[%clk 0:48:44]} 32. Kh2
{[%clk 0:10:10]} g5 {[%clk 0:47:41]} 33. hxg5 {[%clk 0:04:18]} fxg5 {[%clk
0:48:05]} 34. Nh5 {[%clk 0:02:27]} Kg6 {[%clk 0:48:34]} 35. g4 {[%clk 0:01:30]}
Nxg4+ {[%clk 0:48:59]} 36. Kh3 {[%clk 0:01:08]} Ne5 {[%clk 0:44:02]} 37. Ng3
{[%clk 0:01:18]} h5 {[%clk 0:44:23]} 38. Rf2 {[%clk 0:01:09]} h4 {[%clk 0:39:33]}
39. Nf1 {[%clk 0:00:53]} Re1 {[%clk 0:39:22]} 40. Nd2 {[%clk 0:00:55]} Re3+
{[%clk 0:39:45]} 0-1

[Event "9th Vellmar Chess Days"]
[Site "chess24.com"]
[Date "2017.07.14"]
[Round "2"]
[White "Verhoef, Pieter"]
[Black "Zell, Daniel"]
[Result "1-0"]
[Board "23"]
[WhiteElo "2122"]
[WhiteCountry "NED"]
[WhiteFideId "1047264"]
[WhiteEloChange "5"]
[BlackElo "1938"]
[BlackCountry "GER"]
[BlackFideId "12937940"]
[BlackEloChange "-5"]

1. e4 {[%clk 1:30:56]} e5 {[%clk 1:30:57]} 2. Nf3 {[%clk 1:31:17]} Nc6 {[%clk
1:31:17]} 3. d4 {[%clk 1:31:23]} exd4 {[%clk 1:31:42]} 4. Bc4 {[%clk 1:31:46]}
Nf6 {[%clk 1:29:36]} 5. e5 {[%clk 1:31:17]} d5 {[%clk 1:28:12]} 6. Bb5 {[%clk
1:31:33]} Ne4 {[%clk 1:27:21]} 7. Nxd4 {[%clk 1:31:45]} Bd7 {[%clk 1:27:15]} 8.
Bxc6 {[%clk 1:31:51]} bxc6 {[%clk 1:27:24]} 9. O-O {[%clk 1:32:04]} Be7 {[%clk
1:24:22]} 10. f3 {[%clk 1:31:51]} Nc5 {[%clk 1:23:38]} 11. f4 {[%clk 1:32:02]} f5
{[%clk 1:14:06]} 12. Qe1 {[%clk 1:22:58]} O-O {[%clk 1:13:42]} 13. Be3 {[%clk
1:15:31]} Ne6 {[%clk 1:13:48]} 14. Nxe6 {[%clk 1:15:23]} Bxe6 {[%clk 1:14:17]}
15. Qc3 {[%clk 1:15:14]} Qd7 {[%clk 1:09:26]} 16. Nd2 {[%clk 1:14:13]} Rfb8
{[%clk 1:06:10]} 17. Nb3 {[%clk 1:11:50]} Bb4 {[%clk 1:00:47]} 18. Qd3 {[%clk
1:11:53]} a5 {[%clk 0:51:09]} 19. a3 {[%clk 1:05:24]} Be7 {[%clk 0:50:54]} 20.
Qc3 {[%clk 1:04:20]} a4 {[%clk 0:47:03]} 21. Nc5 {[%clk 1:03:19]} Bxc5 {[%clk
0:46:51]} 22. Bxc5 {[%clk 1:03:38]} Rb5 {[%clk 0:45:06]} 23. Rfd1 {[%clk
1:02:48]} Rab8 {[%clk 0:40:16]} 24. Rd4 {[%clk 1:00:46]} Rxb2 {[%clk 0:39:17]}
25. Bb4 {[%clk 1:00:59]} c5 {[%clk 0:37:26]} 26. Qxc5 {[%clk 1:00:43]} Qb5 {[%clk
0:36:11]} 27. Qc3 {[%clk 0:42:55]} c5 {[%clk 0:36:25]} 28. Qxb2 {[%clk 0:42:26]}
cxd4 {[%clk 0:36:49]} 29. Qxd4 {[%clk 0:42:49]} Rc8 {[%clk 0:34:13]} 30. c3
{[%clk 0:42:47]} Rc4 {[%clk 0:33:13]} 31. Qa7 {[%clk 0:42:12]} Rxf4 {[%clk
0:25:25]} 32. Qe7 {[%clk 0:42:19]} 1-0

[Event "9th Vellmar Chess Days"]
[Site "chess24.com"]
[Date "2017.07.14"]
[Round "2"]
[White "Schubert, Matthias"]
[Black "Bennedik, Martin"]
[Result "0-1"]
[Board "24"]
[WhiteElo "1916"]
[WhiteCountry "GER"]
[WhiteFideId "24661139"]
[WhiteEloChange "-5"]
[BlackElo "2086"]
[BlackCountry "GER"]
[BlackFideId "4618840"]
[BlackEloChange "5"]

1. e4 {[%clk 1:30:47]} e5 {[%clk 1:30:55]} 2. Nc3 {[%clk 1:31:06]} Nc6 {[%clk
1:31:05]} 3. Bc4 {[%clk 1:31:28]} Nf6 {[%clk 1:29:58]} 4. d3 {[%clk 1:31:27]} Na5
{[%clk 1:27:43]} 5. Nge2 {[%clk 1:28:31]} Be7 {[%clk 1:24:21]} 6. Bg5 {[%clk
1:26:44]} c6 {[%clk 1:20:24]} 7. a4 {[%clk 1:19:45]} Nxc4 {[%clk 1:20:14]} 8.
dxc4 {[%clk 1:20:07]} d6 {[%clk 1:01:06]} 9. Qd3 {[%clk 1:16:58]} h6 {[%clk
0:55:19]} 10. Bh4 {[%clk 1:08:25]} g5 {[%clk 0:47:39]} 11. Bg3 {[%clk 1:08:41]}
Be6 {[%clk 0:46:21]} 12. b3 {[%clk 1:07:43]} Qa5 {[%clk 0:43:18]} 13. O-O {[%clk
0:58:03]} O-O-O {[%clk 0:42:10]} 14. f3 {[%clk 0:47:44]} d5 {[%clk 0:37:57]} 15.
exd5 {[%clk 0:43:11]} cxd5 {[%clk 0:37:50]} 16. cxd5 {[%clk 0:42:29]} Nxd5 {[%clk
0:37:24]} 17. Bxe5 {[%clk 0:31:38]} Bc5+ {[%clk 0:25:41]} 18. Kh1 {[%clk
0:29:56]} f6 {[%clk 0:16:26]} 19. Bg3 {[%clk 0:20:41]} Ne3 {[%clk 0:14:28]} 20.
Qe4 {[%clk 0:20:00]} Bf5 {[%clk 0:12:06]} 21. b4 {[%clk 0:17:17]} Bxe4 {[%clk
0:09:56]} 22. bxa5 {[%clk 0:17:29]} Nxf1 {[%clk 0:10:17]} 23. Rxf1 {[%clk
0:13:58]} Bf5 {[%clk 0:10:31]} 24. a6 {[%clk 0:11:48]} bxa6 {[%clk 0:10:31]} 25.
Rb1 {[%clk 0:11:38]} Kd7 {[%clk 0:09:35]} 26. Nd5 {[%clk 0:10:44]} Ke6 {[%clk
0:08:47]} 27. Nc7+ {[%clk 0:09:43]} Kf7 {[%clk 0:09:02]} 28. Nxa6 {[%clk
0:08:30]} Bb6 {[%clk 0:09:05]} 29. h4 {[%clk 0:04:25]} Bxc2 {[%clk 0:08:53]} 30.
Rb2 {[%clk 0:03:49]} Bxa4 {[%clk 0:08:07]} 31. Nc3 {[%clk 0:03:04]} Bc6 {[%clk
0:07:37]} 32. h5 {[%clk 0:02:45]} Rd3 {[%clk 0:07:04]} 33. Na4 {[%clk 0:01:29]}
Bxa4 {[%clk 0:06:48]} 0-1

[Event "9th Vellmar Chess Days"]
[Site "chess24.com"]
[Date "2017.07.14"]
[Round "2"]
[White "Boerma, Daniel"]
[Black "Toepfer, Albrecht"]
[Result "1/2-1/2"]
[Board "25"]
[WhiteElo "1825"]
[WhiteCountry "GER"]
[WhiteFideId "12965715"]
[WhiteEloChange "6"]
[BlackElo "2060"]
[BlackCountry "GER"]
[BlackFideId "12924067"]
[BlackEloChange "-6"]

1. d4 {[%clk 1:30:51]} Nf6 {[%clk 1:30:45]} 2. c4 {[%clk 1:31:04]} g6 {[%clk
1:30:45]} 3. Nc3 {[%clk 1:31:25]} Bg7 {[%clk 1:31:02]} 4. g3 {[%clk 1:31:39]} O-O
{[%clk 1:30:20]} 5. Bg2 {[%clk 1:31:59]} d6 {[%clk 1:30:10]} 6. e4 {[%clk
1:32:21]} Nc6 {[%clk 1:30:09]} 7. Nf3 {[%clk 1:32:34]} Bg4 {[%clk 1:21:15]} 8. h3
{[%clk 1:32:35]} Bxf3 {[%clk 1:20:26]} 9. Bxf3 {[%clk 1:31:08]} e5 {[%clk
1:20:46]} 10. d5 {[%clk 1:31:29]} Nd4 {[%clk 1:21:09]} 11. Bg2 {[%clk 1:31:15]}
c5 {[%clk 1:21:11]} 12. O-O {[%clk 1:31:15]} a6 {[%clk 1:19:48]} 13. Qd3 {[%clk
1:30:12]} Rb8 {[%clk 1:18:38]} 14. Bd2 {[%clk 1:29:32]} b5 {[%clk 1:13:32]} 15.
b3 {[%clk 1:29:46]} Qc7 {[%clk 1:08:54]} 16. Rab1 {[%clk 1:24:56]} Rb7 {[%clk
1:01:18]} 17. f4 {[%clk 1:24:16]} Nd7 {[%clk 0:57:00]} 18. Rbe1 {[%clk 1:23:46]}
bxc4 {[%clk 0:48:15]} 19. bxc4 {[%clk 1:24:06]} Rfb8 {[%clk 0:43:37]} 20. f5
{[%clk 1:23:51]} Rb2 {[%clk 0:41:57]} 21. Rf2 {[%clk 1:23:52]} f6 {[%clk
0:40:47]} 22. fxg6 {[%clk 1:23:46]} hxg6 {[%clk 0:41:02]} 23. Ref1 {[%clk
1:23:58]} Qd8 {[%clk 0:36:24]} 24. h4 {[%clk 1:23:50]} Qe7 {[%clk 0:30:34]} 25.
Bh3 {[%clk 1:23:39]} Rf8 {[%clk 0:29:16]} 26. g4 {[%clk 1:18:28]} Rbb8 {[%clk
0:21:47]} 27. g5 {[%clk 0:51:07]} fxg5 {[%clk 0:21:17]} 28. hxg5 {[%clk 0:49:24]}
Rxf2 {[%clk 0:19:45]} 29. Rxf2 {[%clk 0:49:44]} Rf8 {[%clk 0:19:34]} 30. Nd1
{[%clk 0:47:12]} Rxf2 {[%clk 0:17:33]} 31. Nxf2 {[%clk 0:47:15]} Nb6 {[%clk
0:15:14]} 32. Bg4 {[%clk 0:46:40]} Bf8 {[%clk 0:12:47]} 33. Kg2 {[%clk 0:45:45]}
Qa7 {[%clk 0:08:12]} 34. Bd1 {[%clk 0:45:22]} Qd7 {[%clk 0:08:16]} 35. Ng4 {[%clk
0:43:27]} Bg7 {[%clk 0:07:46]} 36. Kg3 {[%clk 0:39:22]} Qa7 {[%clk 0:05:23]}
1/2-1/2

[Event "9th Vellmar Chess Days"]
[Site "chess24.com"]
[Date "2017.07.14"]
[Round "2"]
[White "Held, Carsten, Dr."]
[Black "Kirchner, Markus"]
[Result "1-0"]
[Board "26"]
[WhiteElo "2049"]
[WhiteCountry "GER"]
[WhiteFideId "1271741"]
[WhiteEloChange "4"]
[BlackElo "1820"]
[BlackCountry "GER"]
[BlackFideId "12979163"]
[BlackEloChange "-4"]

1. Nf3 {[%clk 1:30:56]} f5 {[%clk 1:30:45]} 2. c4 {[%clk 1:31:20]} Nf6 {[%clk
1:31:08]} 3. g3 {[%clk 1:31:46]} g6 {[%clk 1:31:33]} 4. Bg2 {[%clk 1:32:12]} Bg7
{[%clk 1:32:00]} 5. Nc3 {[%clk 1:32:36]} O-O {[%clk 1:31:42]} 6. d3 {[%clk
1:32:52]} d6 {[%clk 1:31:59]} 7. Rb1 {[%clk 1:33:17]} e5 {[%clk 1:32:16]} 8. O-O
{[%clk 1:33:41]} h6 {[%clk 1:31:48]} 9. b4 {[%clk 1:34:04]} g5 {[%clk 1:31:27]}
10. a4 {[%clk 1:30:41]} Qe8 {[%clk 1:31:06]} 11. Nd5 {[%clk 1:31:01]} Nxd5 {[%clk
1:31:11]} 12. cxd5 {[%clk 1:29:45]} f4 {[%clk 1:29:32]} 13. Qc2 {[%clk 1:25:18]}
Qf7 {[%clk 1:27:25]} 14. Nd2 {[%clk 1:25:39]} Bf5 {[%clk 1:24:50]} 15. b5 {[%clk
1:22:10]} Rc8 {[%clk 1:21:22]} 16. Ba3 {[%clk 1:17:19]} Nd7 {[%clk 1:18:51]} 17.
Rfc1 {[%clk 1:14:17]} Nf6 {[%clk 1:18:03]} 18. Qb3 {[%clk 1:14:41]} Qh5 {[%clk
1:15:20]} 19. Nf3 {[%clk 1:03:13]} Bh3 {[%clk 1:09:56]} 20. Rc2 {[%clk 1:01:24]}
Ng4 {[%clk 1:07:09]} 21. Bh1 {[%clk 0:57:07]} fxg3 {[%clk 0:59:31]} 22. hxg3
{[%clk 0:54:44]} Rf8 {[%clk 0:57:50]} 23. Rxc7 {[%clk 0:53:18]} Bf1 {[%clk
0:55:39]} 24. Qc2 {[%clk 0:35:58]} Qh3 {[%clk 0:33:59]} 25. Bxd6 {[%clk 0:32:29]}
Rxf3 {[%clk 0:34:19]} 26. exf3 {[%clk 0:29:11]} Bxd3 {[%clk 0:34:35]} 27. Rxg7+
{[%clk 0:17:28]} Kh8 {[%clk 0:34:52]} 28. fxg4 {[%clk 0:13:13]} Bxc2 {[%clk
0:34:11]} 29. Bxe5 {[%clk 0:13:35]} Bxb1 {[%clk 0:34:12]} 30. Rxg5+ {[%clk
0:10:50]} Kh7 {[%clk 0:34:33]} 31. Rg7+ {[%clk 0:11:16]} Kh8 {[%clk 0:34:58]} 32.
Rg6+ {[%clk 0:11:12]} Kh7 {[%clk 0:35:23]} 33. Rg7+ {[%clk 0:11:38]} Kh8 {[%clk
0:35:50]} 34. Bg2 {[%clk 0:11:43]} Re8 {[%clk 0:36:09]} 1-0

[Event "9th Vellmar Chess Days"]
[Site "chess24.com"]
[Date "2017.07.14"]
[Round "2"]
[White "Luke, Niko"]
[Black "Eggenstein, Frank"]
[Result "0-1"]
[Board "27"]
[WhiteElo "1823"]
[WhiteCountry "GER"]
[WhiteFideId "16205553"]
[WhiteEloChange "-4"]
[BlackElo "2047"]
[BlackCountry "GER"]
[BlackFideId "4651278"]
[BlackEloChange "4"]

1. d4 {[%clk 1:30:56]} Nf6 {[%clk 1:30:53]} 2. c4 {[%clk 1:31:21]} g6 {[%clk
1:31:16]} 3. f3 {[%clk 1:31:46]} Bg7 {[%clk 1:31:36]} 4. e4 {[%clk 1:32:08]} d6
{[%clk 1:32:02]} 5. Be3 {[%clk 1:32:17]} O-O {[%clk 1:31:25]} 6. Ne2 {[%clk
1:32:34]} Nbd7 {[%clk 1:27:07]} 7. Qd2 {[%clk 1:31:13]} Re8 {[%clk 1:27:25]} 8.
h4 {[%clk 1:29:46]} h5 {[%clk 1:26:11]} 9. Nbc3 {[%clk 1:18:39]} c5 {[%clk
1:21:51]} 10. O-O-O {[%clk 1:15:52]} b6 {[%clk 1:03:39]} 11. e5 {[%clk 1:10:52]}
cxd4 {[%clk 0:58:51]} 12. Bxd4 {[%clk 1:04:15]} dxe5 {[%clk 0:52:25]} 13. Bxe5
{[%clk 1:02:18]} Ba6 {[%clk 0:45:35]} 14. Qf4 {[%clk 0:52:40]} Qc8 {[%clk
0:41:55]} 15. Bxf6 {[%clk 0:42:16]} Nxf6 {[%clk 0:38:39]} 16. b3 {[%clk 0:37:32]}
b5 {[%clk 0:32:52]} 17. cxb5 {[%clk 0:33:49]} Bxb5 {[%clk 0:32:24]} 18. Kb1
{[%clk 0:32:29]} Ba6 {[%clk 0:29:52]} 19. Rc1 {[%clk 0:28:44]} Bd3+ {[%clk
0:28:52]} 20. Kb2 {[%clk 0:21:36]} Nd5 {[%clk 0:22:45]} 21. Qd2 {[%clk 0:21:25]}
Rd8 {[%clk 0:11:12]} 22. Qxd3 {[%clk 0:15:22]} Nxc3 {[%clk 0:11:16]} 23. Nxc3
{[%clk 0:15:38]} Rxd3 {[%clk 0:11:14]} 24. Bxd3 {[%clk 0:16:07]} Qc5 {[%clk
0:10:17]} 25. Bc4 {[%clk 0:14:39]} Rd8 {[%clk 0:09:18]} 26. Kb1 {[%clk 0:13:58]}
e6 {[%clk 0:07:36]} 27. Rhe1 {[%clk 0:11:44]} Qf2 {[%clk 0:07:08]} 28. Re2 {[%clk
0:11:09]} Qxh4 {[%clk 0:06:22]} 29. Ne4 {[%clk 0:11:13]} Qf4 {[%clk 0:06:25]} 30.
g3 {[%clk 0:09:49]} Qxf3 {[%clk 0:06:05]} 31. Rce1 {[%clk 0:05:28]} Qf5 {[%clk
0:05:48]} 32. Rf2 {[%clk 0:05:05]} Qa5 {[%clk 0:04:22]} 33. Ref1 {[%clk 0:05:20]}
Qe5 {[%clk 0:02:06]} 34. Nf6+ {[%clk 0:04:30]} Kh8 {[%clk 0:01:26]} 35. g4 {[%clk
0:04:48]} h4 {[%clk 0:01:23]} 36. Kc2 {[%clk 0:02:56]} g5 {[%clk 0:01:47]} 37.
Re2 {[%clk 0:02:46]} Qd4 {[%clk 0:01:49]} 38. Ref2 {[%clk 0:02:45]} a5 {[%clk
0:01:47]} 39. Rf3 {[%clk 0:01:52]} Qd2+ {[%clk 0:01:55]} 40. Kb1 {[%clk 0:02:21]}
Qd4 {[%clk 0:00:55]} 41. Rd3 {[%clk 0:31:01]} Qb6 {[%clk 0:20:03]} 42. Nd7 {[%clk
0:30:42]} Qc7 {[%clk 0:20:04]} 43. Rxf7 {[%clk 0:30:14]} Qh2 {[%clk 0:20:14]} 44.
Ne5 {[%clk 0:25:38]} Rxd3 {[%clk 0:19:01]} 45. Nxd3 {[%clk 0:25:36]} Qg1+ {[%clk
0:17:57]} 46. Nc1 {[%clk 0:24:02]} Qxg4 {[%clk 0:10:24]} 47. Re7 {[%clk 0:23:33]}
Qd4 {[%clk 0:09:02]} 48. Re8+ {[%clk 0:23:20]} Kh7 {[%clk 0:09:18]} 49. Bd3+
{[%clk 0:23:44]} Kh6 {[%clk 0:09:36]} 50. Rxe6+ {[%clk 0:23:55]} Bf6 {[%clk
0:08:52]} 51. Kc2 {[%clk 0:23:29]} h3 {[%clk 0:08:56]} 52. Ne2 {[%clk 0:21:04]}
Qb2+ {[%clk 0:08:53]} 53. Kd1 {[%clk 0:21:21]} Qa1+ {[%clk 0:08:34]} 54. Nc1
{[%clk 0:20:59]} h2 {[%clk 0:08:38]} 55. Be4 {[%clk 0:19:17]} Qd4+ {[%clk
0:08:49]} 56. Ke2 {[%clk 0:18:51]} Qxe4+ {[%clk 0:08:42]} 57. Rxe4 {[%clk
0:19:13]} h1Q {[%clk 0:09:04]} 0-1

[Event "9th Vellmar Chess Days"]
[Site "chess24.com"]
[Date "2017.07.14"]
[Round "2"]
[White "Hettler, Wolfgang"]
[Black "Powalla, Christian"]
[Result "1/2-1/2"]
[Board "28"]
[WhiteElo "2040"]
[WhiteCountry "GER"]
[WhiteFideId "4677706"]
[WhiteEloChange "-5"]
[BlackElo "1826"]
[BlackCountry "GER"]
[BlackFideId "24658413"]
[BlackEloChange "5"]

1. e4 {[%clk 1:12:57]} e5 {[%clk 1:30:55]} 2. Nf3 {[%clk 1:13:20]} Nc6 {[%clk
1:31:23]} 3. Bb5 {[%clk 1:13:41]} Nf6 {[%clk 1:31:48]} 4. O-O {[%clk 1:14:00]}
Bc5 {[%clk 1:32:15]} 5. d3 {[%clk 1:13:31]} h6 {[%clk 1:32:07]} 6. Bxc6 {[%clk
1:13:18]} bxc6 {[%clk 1:32:21]} 7. Nxe5 {[%clk 1:13:34]} O-O {[%clk 1:31:54]} 8.
Nc3 {[%clk 1:09:22]} Re8 {[%clk 1:29:46]} 9. Nf3 {[%clk 1:07:44]} Rb8 {[%clk
1:25:53]} 10. e5 {[%clk 0:57:55]} Nd5 {[%clk 1:21:28]} 11. Ne4 {[%clk 0:56:51]}
Bb6 {[%clk 1:18:39]} 12. c4 {[%clk 0:56:53]} Ne7 {[%clk 1:17:16]} 13. c5 {[%clk
0:55:53]} Ba5 {[%clk 1:17:40]} 14. a3 {[%clk 0:56:16]} d5 {[%clk 1:15:39]} 15.
cxd6 {[%clk 0:56:29]} cxd6 {[%clk 1:15:50]} 16. Nxd6 {[%clk 0:49:28]} Rf8 {[%clk
1:15:13]} 17. Nxc8 {[%clk 0:44:43]} Qxc8 {[%clk 1:15:17]} 18. b4 {[%clk 0:45:01]}
Bc7 {[%clk 1:15:30]} 19. d4 {[%clk 0:45:21]} Rd8 {[%clk 1:15:41]} 20. Qc2 {[%clk
0:43:11]} a5 {[%clk 1:15:19]} 21. Bd2 {[%clk 0:42:00]} axb4 {[%clk 1:15:08]} 22.
axb4 {[%clk 0:41:15]} Rb5 {[%clk 1:14:37]} 23. h3 {[%clk 0:38:43]} Qb7 {[%clk
1:11:06]} 24. Ra4 {[%clk 0:38:06]} Nd5 {[%clk 1:10:24]} 25. Rc1 {[%clk 0:36:45]}
Nxb4 {[%clk 1:07:44]} 26. Bxb4 {[%clk 0:35:58]} Rxb4 {[%clk 1:08:08]} 27. Rxb4
{[%clk 0:35:53]} Qxb4 {[%clk 1:08:34]} 28. Qxc6 {[%clk 0:36:12]} Bb6 {[%clk
1:07:49]} 29. e6 {[%clk 0:36:19]} fxe6 {[%clk 1:04:44]} 30. Qxe6+ {[%clk
0:36:17]} Kh8 {[%clk 1:04:50]} 31. Ne5 {[%clk 0:36:31]} Ra8 {[%clk 1:02:30]} 32.
Rc8+ {[%clk 0:29:54]} Rxc8 {[%clk 1:02:43]} 33. Qxc8+ {[%clk 0:30:16]} Kh7 {[%clk
1:03:08]} 34. Qf5+ {[%clk 0:30:15]} Kg8 {[%clk 1:02:57]} 35. d5 {[%clk 0:26:09]}
Qe1+ {[%clk 1:01:39]} 36. Kh2 {[%clk 0:26:26]} Bxf2 {[%clk 1:01:49]} 37. Qe6+
{[%clk 0:18:52]} Kh7 {[%clk 1:01:33]} 38. Qg6+ {[%clk 0:18:50]} Kg8 {[%clk
1:01:42]} 39. Nf3 {[%clk 0:19:11]} Qe3 {[%clk 0:57:35]} 40. Qg4 {[%clk 0:18:23]}
h5 {[%clk 0:51:47]} 41. Qxh5 {[%clk 0:13:20]} 1/2-1/2